000 00839nam a22002177a 4500
005 20171030145853.0
010 _aENG-121102-103
020 _c400.00
_a9788179941232 (part-1)
020 _c750.00
_a9788179941546 (part-2)
035 _aEN-104634-35
037 _bDBAD/PUB
082 _a220.21
245 _aKrishna Yajur Veda Taittiriya Aranyaka :
_cedited by R.L. Kashyap ; translated by Shrikant Jamadagni
_btext in devanagari, translation and notes /
260 _aBangalore
_bSakshi Sri Aurobindo Kapali Institute of Vedic Culture
_c2014
270 _a# 63, 13th Main, 4th Block East, Jayanagar
_bBangalore
_e560011
300 _a2-Parts- (xxvii,326p. ; xxiv,221p.)
_c23cm(Hb)
500 _aIncludes index
700 _aJamadagni, Shrikant
700 _aKashyap, R.L.
942 _2ddc
_cEN
_mKRI
_h220.21
999 _c147001
_d147001